KAM BÜRE'NİN OĞLU BAMSI BEYREK DESTANI (Record no. 1057370)

MARC details
000 -LEADER
sabit uzunluktaki kontrol alanı 00263nam a2200097Ia 4500
001 - KONTROL NUMARASI
kontrol alanı 1057370
005 - EN SON İŞLEMİN TARİH VE ZAMANI
kontrol alanı 20250827001418.0
008 - SABİT-UZUNLUKTA VERİ ÖĞELERİ--GENEL BİLGİ
sabit uzunluktaki kontrol alanı 250824s9999 xx 000 0 und d
245 #0 - ESER / YAZAR
ESER ADI KAM BÜRE'NİN OĞLU BAMSI BEYREK DESTANI
Yazar Adı ADNAN BOYACI
260 ## - YAYIN, DAĞITIM, VB.
YAYIN EVİ MEB YAYINLARI
Holdings
Düşüm durumu Kayıp durumu Hasar Durumu Ödünç verilmez Ana kütüphane Geçerli Kütüphane Edinilen tarih Toplam ödünç verme sayısı Barkod Son görüntüleme tarihi Fiyatın geçerli olmaya başladığı tarih Koha materyal türü
        100. YIL AHMET HAŞHAŞ ORTAOKULU 100. YIL AHMET HAŞHAŞ ORTAOKULU 24.08.2025   10034648 27.08.2025 27.08.2025 Books